[Event "Gualeguaychu Baggio Cup"]
[Site "Gualeguaychu"]
[Date "2019.11.10"]
[Round "6"]
[White "Presfraind, Augusto"]
[Black "Susco, Santiago"]
[Result "1-0"]
[WhiteElo "1672"]
[BlackElo "1148"]
[PlyCount "65"]
[EventDate "2019.11.08"]
[EventType "swiss"]
[EventRounds "6"]
[EventCountry "ARG"]
[SourceTitle "EXT 2021"]
[Source "ChessBase"]
[SourceDate "2020.10.23"]
[SourceVersion "1"]
[SourceVersionDate "2020.10.23"]
[SourceQuality "1"]

1. e4 e6 2. d4 d5 3. exd5 exd5 4. c4 c6 5. Nc3 Nf6 6. Nf3 Bb4 7. Bd2 0-0 8. Be2 Bg4 9. a3 Bxc3 10. Bxc3 Ne4 11. Bb4 Re8 12. 0-0 Nd7 13. cxd5 cxd5 14. h3 Be6 15. Rc1 Rc8 16. Bd3 Ng5 17. Nxg5 Qxg5 18. Bd2 Qh4 19. Rxc8 Rxc8 20. Bb4 Nf6 21. Be7 Qg5 22. Qf3 Rc1 23. Bxf6 Rxf1+ 24. Bxf1 Qxf6 25. Qxf6 gxf6 26. Bd3 Kg7 27. Kh2 f5 28. Kg3 Kf6 29. Kf4 h6 30. h4 Ke7 31. Bxf5 Kf6 32. Bxe6 fxe6 33. g4 1-0

[Event "Gualeguaychu Baggio Cup"]
[Site "Gualeguaychu"]
[Date "2019.11.10"]
[Round "5"]
[White "Rivero, Ariel"]
[Black "Presfraind, Augusto"]
[Result "1/2-1/2"]
[WhiteElo "1795"]
[BlackElo "1672"]
[PlyCount "90"]
[EventDate "2019.11.08"]
[EventType "swiss"]
[EventRounds "6"]
[EventCountry "ARG"]
[SourceTitle "EXT 2021"]
[Source "ChessBase"]
[SourceDate "2020.10.23"]
[SourceVersion "1"]
[SourceVersionDate "2020.10.23"]
[SourceQuality "1"]

1. d4 e6 2. g3 f5 3. Bg2 d5 4. Nf3 Nf6 5. Bg5 Be7 6. Ne5 Nbd7 7. Nxd7 Bxd7 8. 0-0 0-0 9. Nd2 h6 10. Bf4 g5 11. Be5 Ng4 12. Nf3 Nxe5 13. Nxe5 Be8 14. e3 Bd6 15. f4 Bxe5 16. fxe5 Rb8 17. Qd2 Bg6 18. Rf2 b6 19. Raf1 Qe7 20. c3 c5 21. Qe2 Qh7 22. Qa6 cxd4 23. exd4 f4 24. Rd2 fxg3 25. hxg3 Rxf1+ 26. Qxf1 Rf8 27. Rf2 Rxf2 28. Qxf2 Qf7 29. g4 Qxf2+ 30. Kxf2 Bb1 31. a3 Ba2 32. Ke3 Bc4 33. Kd2 a5 34. b4 a4 35. Bf3 b5 36. Bd1 Kf8 37. Bc2 Ke7 38. Ke3 Kd8 39. Bg6 Ke7 40. Bh7 Kf8 41. Bg6 Ke7 42. Bc2 Kf7 43. Kf2 Ke7 44. Bd1 Kd7 45. Ke3 Ke7 1/2-1/2

[Event "Gualeguaychu Baggio Cup"]
[Site "Gualeguaychu"]
[Date "2019.11.09"]
[Round "4"]
[White "Siebenlist, Daiana"]
[Black "Presfraind, Augusto"]
[Result "0-1"]
[WhiteElo "1078"]
[BlackElo "1672"]
[PlyCount "110"]
[EventDate "2019.11.08"]
[EventType "swiss"]
[EventRounds "6"]
[EventCountry "ARG"]
[SourceTitle "EXT 2021"]
[Source "ChessBase"]
[SourceDate "2020.10.23"]
[SourceVersion "1"]
[SourceVersionDate "2020.10.23"]
[SourceQuality "1"]

1. d4 e6 2. c4 f5 3. Bf4 Nf6 4. e3 c6 5. Nc3 d5 6. a3 Be7 7. Be5 Nbd7 8. Nf3 0-0 9. Qc2 Ne4 10. Ne2 Qa5+ 11. Nc3 Bb4 12. Rc1 Bxc3+ 13. bxc3 Qxa3 14. cxd5 Nxe5 15. Nxe5 exd5 16. Bd3 Qe7 17. c4 dxc4 18. Bxc4+ Be6 19. 0-0 Kh8 20. f3 Bxc4 21. Nxc4 Nd6 22. Ne5 Rf6 23. e4 Nf7 24. Nxf7+ Qxf7 25. e5 Rh6 26. Rf2 f4 27. Qd2 Rf8 28. Qb4 Kg8 29. Rd2 Qh5 30. h3 Rg6 31. Qb3+ Kh8 32. Kf1 b5 33. Qa3 Rf7 34. Rc5 Qf5 35. e6 Qxe6 36. Re2 Qc8 37. Rce5 Rf8 38. Qxf8+ Qxf8 39. Re8 Kg8 40. Rxf8+ Kxf8 41. Ke1 a5 42. Kd2 Kf7 43. Kd3 Re6 44. Ra2 Re3+ 45. Kd2 a4 46. Rc2 Re6 47. Kc3 Ke7 48. Kb4 Kd6 49. Rc5 Re3 50. d5 Rb3+ 51. Ka5 Kxc5 52. dxc6 Kxc6 53. Ka6 a3 54. Ka7 Kc7 55. g4 a2 0-1

[Event "Gualeguaychu Baggio Cup"]
[Site "Gualeguaychu"]
[Date "2019.11.08"]
[Round "1"]
[White "Presfraind, Augusto"]
[Black "Avendano, Gaston"]
[Result "0-1"]
[WhiteElo "1672"]
[BlackElo "1900"]
[PlyCount "110"]
[EventDate "2019.11.08"]
[EventType "swiss"]
[EventRounds "6"]
[EventCountry "ARG"]
[SourceTitle "EXT 2021"]
[Source "ChessBase"]
[SourceDate "2020.10.23"]
[SourceVersion "1"]
[SourceVersionDate "2020.10.23"]
[SourceQuality "1"]

1. e4 d5 2. exd5 Qxd5 3. Nc3 Qa5 4. Nf3 Nf6 5. Be2 Bf5 6. d3 c6 7. 0-0 e6 8. Bf4 Nbd7 9. a3 Be7 10. Re1 0-0 11. Nh4 Bg6 12. Nxg6 hxg6 13. d4 Nd5 14. Nxd5 cxd5 15. b4 Qa4 16. c4 Qxd1 17. Raxd1 dxc4 18. Bxc4 Nb6 19. Bb3 Bf6 20. Be5 Rfd8 21. Bxf6 gxf6 22. Re2 Rac8 23. g3 Nd5 24. Rd3 Kf8 25. Kg2 Ke7 26. Rc2 Rxc2 27. Bxc2 Rc8 28. Bb3 Kd6 29. Kf3 g5 30. Kg4 Rg8 31. h4 f5+ 32. Kh3 gxh4 33. Kxh4 f6 34. Kh3 Rc8 35. Kg2 Rc3 36. Rxc3 Nxc3 37. f4 Ne2 38. d5 exd5 39. Kf2 Nd4 40. Bd1 Nb5 41. a4 Nc3 42. Bb3 Ne4+ 43. Kg2 a5 44. bxa5 Kc5 45. Bc2 Kb4 46. a6 bxa6 47. Kf3 Kc3 48. Bd1 a5 49. Be2 Nd2+ 50. Kf2 d4 51. g4 d3 52. Bd1 fxg4 53. Bxg4 Kc2 54. Ke1 Nc4 55. Bd1+ Kc1 0-1

[Event "ARG-ch U16"]
[Site "Buenos Aires"]
[Date "2019.03.05"]
[Round "9.5"]
[White "Villarreal, Agustin"]
[Black "Presfraind, Augusto"]
[Result "1/2-1/2"]
[WhiteElo "1949"]
[BlackElo "1600"]
[PlyCount "74"]
[EventDate "2019.03.01"]
[EventType "swiss"]
[EventRounds "9"]
[EventCountry "ARG"]
[SourceTitle "EXT 2024"]
[Source "ChessBase"]
[SourceDate "2023.10.10"]
[SourceVersion "1"]
[SourceVersionDate "2023.10.10"]
[SourceQuality "1"]

1. d4 e6 2. c4 f5 3. Nc3 Nf6 4. Nf3 d5 5. g3 c6 6. Bg2 Be7 7. Bf4 0-0 8. Ne5 Nbd7 9. e3 Nxe5 10. Bxe5 Bd7 11. Qb3 b6 12. 0-0 Ne4 13. Nxe4 fxe4 14. cxd5 cxd5 15. f3 exf3 16. Bxf3 Qe8 17. e4 Ba4 18. Qe3 dxe4 19. Qxe4 Rc8 20. Rac1 Bb5 21. Rxc8 Qxc8 22. Re1 Bb4 23. Rd1 Qe8 24. a3 Be7 25. Bg4 Bc4 26. Bf4 Qd7 27. Re1 Rf6 28. Rc1 Bd5 29. Qe5 Bd8 30. Bg5 Rg6 31. Bxd8 Qxd8 32. Be2 Rf6 33. Bd3 Qf8 34. Qe2 Qd6 35. Rc8+ Rf8 36. Rc3 Bc6 37. Qe5 Qd5 1/2-1/2

[Event "ARG-ch sf Cup"]
[Site "Villaguay/Entre Rios"]
[Date "2018.12.15"]
[Round "3.13"]
[White "Cantero Cochia, Alejandro"]
[Black "Presfraind, Augusto"]
[Result "0-1"]
[WhiteElo "1784"]
[BlackElo "1487"]
[PlyCount "150"]
[EventDate "2018.12.14"]
[EventType "swiss"]
[EventRounds "6"]
[EventCountry "ARG"]
[SourceTitle "EXT 2024"]
[Source "ChessBase"]
[SourceDate "2023.10.10"]
[SourceVersion "1"]
[SourceVersionDate "2023.10.10"]
[SourceQuality "1"]

1. e4 e6 2. d4 d5 3. e5 c5 4. c3 Qb6 5. Nf3 Nc6 6. a3 c4 7. Nbd2 Na5 8. b4 Nc6 9. Be2 Bd7 10. h4 0-0-0 11. a4 f5 12. Ng5 Nh6 13. Ba3 Kb8 14. Qb1 a5 15. b5 Na7 16. Qb2 Nc8 17. f4 Qc7 18. Nf1 Nb6 19. Bd1 Bc8 20. Ne3 Nf7 21. g4 Nxg5 22. hxg5 g6 23. gxf5 exf5 24. Bxf8 Rdxf8 25. Rh6 Rf7 26. Qh2 Re8 27. Bf3 Be6 28. Qa2 Qe7 29. 0-0-0 Rd8 30. Rdh1 Rd7 31. Bd1 Rg7 32. Kb2 Ka7 33. Qa3 Qxa3+ 34. Kxa3 Rge7 35. Bc2 Rg7 36. R1h4 Nc8 37. Nxf5 Bxf5 38. Bxf5 gxf5 39. Rf6 Ne7 40. e6 Rd8 41. Rf7 Rdg8 42. Rxh7 Rxh7 43. Rxh7 Ng6 44. Rf7 Nxf4 45. Rf6 Re8 46. Rxf5 Nxe6 47. g6 Rg8 48. Rf6 Ng5 49. Rf5 Rxg6 50. Rxd5 Ne4 51. Re5 Nxc3 52. Rc5 Rg3 53. Rxc4 Nxb5+ 54. Kb2 Nd6 55. Rc5 Kb6 56. Rd5 Kc6 57. Rc5+ Kd7 58. Ka2 b6 59. Re5 Rg4 60. Rh5 Rxd4 61. Kb3 Rb4+ 62. Ka3 Nc4+ 63. Ka2 Rxa4+ 64. Kb3 Rb4+ 65. Kc3 Nd6 66. Rh7+ Kc6 67. Rh6 b5 68. Rg6 Rc4+ 69. Kb3 a4+ 70. Ka3 Kc5 71. Rg5+ Kd4 72. Rg4+ Ne4 73. Rh4 Rc3+ 74. Kb2 b4 75. Rh8 a3+ 0-1

[Event "ARG-ch sf Cup"]
[Site "Villaguay/Entre Rios"]
[Date "2018.12.14"]
[Round "1.5"]
[White "Arbuello, Diego"]
[Black "Presfraind, Augusto"]
[Result "1-0"]
[WhiteElo "1971"]
[BlackElo "1487"]
[PlyCount "83"]
[EventDate "2018.12.14"]
[EventType "swiss"]
[EventRounds "6"]
[EventCountry "ARG"]
[SourceTitle "EXT 2024"]
[Source "ChessBase"]
[SourceDate "2023.10.10"]
[SourceVersion "1"]
[SourceVersionDate "2023.10.10"]
[SourceQuality "1"]

1. e4 e6 2. Nc3 d5 3. g3 Nf6 4. Bg2 Be7 5. d3 0-0 6. Qe2 b6 7. e5 Nfd7 8. f4 Bb7 9. Nf3 a6 10. 0-0 c5 11. Bd2 Nc6 12. Rae1 Qc7 13. Bc1 b5 14. g4 Nd4 15. Qf2 Qd8 16. Nd1 Rb8 17. Nxd4 cxd4 18. Re2 Qc7 19. b3 Bc5 20. Qh4 Qd8 21. g5 Re8 22. Nf2 Nf8 23. Ng4 Ng6 24. Qh5 h6 25. Rf3 Ne7 26. gxh6 g6 27. Nf6+ Kh8 28. Qg5 Nf5 29. Nxe8 Qxg5 30. fxg5 Rxe8 31. Rf4 Rc8 32. Bh3 Rc6 33. Bxf5 exf5 34. Bb2 Re6 35. Bxd4 Be7 36. h4 Kh7 37. Bf2 Kg8 38. a4 b4 39. a5 Rc6 40. Be1 d4 41. Kf1 Bc5 42. Kf2 1-0

[Event "Gualeguaychu Benvenaste Memorial"]
[Site "Gualeguaychu"]
[Date "2018.11.11"]
[Round "5.3"]
[White "Presfraind, Augusto"]
[Black "Ledesma, Israel"]
[Result "0-1"]
[WhiteElo "1441"]
[BlackElo "1872"]
[PlyCount "54"]
[EventDate "2018.11.10"]
[EventType "swiss"]
[EventRounds "5"]
[EventCountry "ARG"]
[SourceTitle "EXT 2024"]
[Source "ChessBase"]
[SourceDate "2023.10.10"]
[SourceVersion "1"]
[SourceVersionDate "2023.10.10"]
[SourceQuality "1"]

1. e4 c5 2. Nc3 e6 3. g3 d5 4. exd5 exd5 5. d4 cxd4 6. Qxd4 Nf6 7. Bg2 Nc6 8. Qd1 d4 9. Ne4 Bb4+ 10. Bd2 Nxe4 11. Bxe4 Qe7 12. Qe2 Bxd2+ 13. Kxd2 Qb4+ 14. Kc1 0-0 15. Qd2 Re8 16. Qxb4 Nxb4 17. Bf3 Re1+ 18. Bd1 Bh3 19. Nxh3 Rxh1 20. Nf4 Re8 21. a3 Ree1 22. Kd2 g5 23. Ne2 d3 24. cxd3 Nxd3 25. Kxd3 Rxd1+ 26. Rxd1 Rxd1+ 27. Kc2 Rh1 0-1

[Event "Gualeguaychu Benvenaste Memorial"]
[Site "Gualeguaychu"]
[Date "2018.11.10"]
[Round "3.3"]
[White "Presfraind, Augusto"]
[Black "Viera, Cristian"]
[Result "1/2-1/2"]
[WhiteElo "1441"]
[BlackElo "1638"]
[PlyCount "88"]
[EventDate "2018.11.10"]
[EventType "swiss"]
[EventRounds "5"]
[EventCountry "ARG"]
[SourceTitle "EXT 2024"]
[Source "ChessBase"]
[SourceDate "2023.10.10"]
[SourceVersion "1"]
[SourceVersionDate "2023.10.10"]
[SourceQuality "1"]

1. e4 c5 2. Nc3 Nc6 3. g3 g6 4. Bg2 Bg7 5. d3 Nf6 6. f4 d6 7. Nf3 0-0 8. 0-0 Rb8 9. h3 b5 10. g4 b4 11. Ne2 Qc7 12. Qe1 Rd8 13. f5 Ne5 14. Nf4 Nxf3+ 15. Bxf3 g5 16. Ne2 h6 17. h4 Nh7 18. hxg5 Nxg5 19. Qh4 f6 20. Nf4 c4 21. Nd5 Qd7 22. dxc4 a5 23. Kg2 e6 24. Nf4 exf5 25. exf5 Bb7 26. Bd5+ Bxd5+ 27. Nxd5 Re8 28. Bf4 Qc6 29. b3 Qc5 30. Qf2 Qxf2+ 31. Rxf2 Re4 32. Rd1 Rbe8 33. Rd3 Re2 34. Re3 R8xe3 35. Bxe3 Re1 36. Bxg5 fxg5 37. f6 Bf8 38. c3 bxc3 39. Nxc3 Kf7 40. Nd5 Re4 41. Kf3 Rd4 42. Re2 Rd3+ 43. Kg2 Rd4 44. Kf3 Rd3+ 1/2-1/2

[Event "Villaguay Cup Entre Rios U1600"]
[Site "Villaguay"]
[Date "2017.12.17"]
[Round "5.3"]
[White "Presfraind, Augusto"]
[Black "Gonzalez, Alejandro1111"]
[Result "1-0"]
[WhiteElo "1353"]
[BlackElo "1472"]
[PlyCount "111"]
[EventDate "2017.12.15"]
[EventType "swiss"]
[EventRounds "6"]
[EventCountry "ARG"]
[SourceTitle "EXT 2024"]
[Source "ChessBase"]
[SourceDate "2023.10.10"]
[SourceVersion "1"]
[SourceVersionDate "2023.10.10"]
[SourceQuality "1"]

1. e4 e6 2. d3 d5 3. Nd2 c5 4. Ngf3 Nc6 5. g3 g6 6. Bg2 Bg7 7. 0-0 Bd7 8. Re1 Nge7 9. Nf1 0-0 10. e5 f5 11. Bf4 h6 12. h4 Qe8 13. Qd2 Kh7 14. c3 a5 15. a4 Nd8 16. Qc2 Nf7 17. N1h2 Nc6 18. Re2 Rg8 19. Qd2 Bf8 20. g4 Ne7 21. b3 Bc6 22. g5 h5 23. d4 b6 24. Qc2 Bb7 25. Be3 Nc6 26. Bd2 cxd4 27. cxd4 Nb4 28. Bxb4 Bxb4 29. Qb2 Rc8 30. Rc1 Qd7 31. Rec2 Rxc2 32. Rxc2 Rc8 33. Bf1 Rxc2 34. Qxc2 Qc8 35. Qxc8 Bxc8 36. Bb5 Kg7 37. Nf1 Kf8 38. Ne3 Ke7 39. Nc2 Bc3 40. Kf1 Bb7 41. Ke2 Nd8 42. Kd3 Bb4 43. Nxb4 axb4 44. Ne1 Nc6 45. Bxc6 Bxc6 46. Nc2 Kd7 47. Nxb4 Bb7 48. Kc3 Kc7 49. Na2 Bc6 50. Nb4 Bb7 51. Nd3 Bc6 52. Nf4 Be8 53. Nxe6+ Kd7 54. Nf4 Kc7 55. Nxd5+ Kc6 56. Nf4 1-0

[Event "Gualeguaychu Cup Baggio U1700"]
[Site "Gualeguaychu"]
[Date "2017.12.03"]
[Round "5.4"]
[White "Alzugaray, Julian"]
[Black "Presfraind, Augusto"]
[Result "1-0"]
[WhiteElo "1589"]
[BlackElo "1353"]
[PlyCount "87"]
[EventDate "2017.12.02"]
[EventType "swiss"]
[EventRounds "5"]
[EventCountry "ARG"]
[SourceTitle "EXT 2024"]
[Source "ChessBase"]
[SourceDate "2023.10.10"]
[SourceVersion "1"]
[SourceVersionDate "2023.10.10"]
[SourceQuality "1"]

1. e4 c5 2. Nf3 Nc6 3. Bb5 d6 4. d4 cxd4 5. Nxd4 Bd7 6. 0-0 Nf6 7. Nc3 g6 8. Re1 Bg7 9. Nxc6 bxc6 10. Bc4 0-0 11. f3 Qc7 12. Kh1 Rab8 13. Rb1 Bc8 14. b3 Nd7 15. Bb2 Ne5 16. Bf1 Rd8 17. Qe2 Qb6 18. Na4 Qc7 19. Rbd1 Bd7 20. h3 c5 21. Nc3 Be6 22. Nd5 Bxd5 23. exd5 Re8 24. f4 Nd7 25. Bxg7 Kxg7 26. Qg4 Nf6 27. Qg3 Qa5 28. a4 Qb4 29. Bc4 Rb7 30. f5 a5 31. fxg6 hxg6 32. Qf3 Rf8 33. Bb5 Qh4 34. Re3 Rh8 35. Kg1 Qg5 36. Bc6 Rc7 37. Rde1 Nh5 38. Re4 f5 39. Qc3+ Kg8 40. h4 Qf6 41. Qxf6 exf6 42. Re8+ Kg7 43. Rxh8 Kxh8 44. Re3 1-0